Design and operation of civil and environmental engineering systems / (Record no. 546177)

000 -LEADER
fixed length control field 01062cam a2200253 a 4500
020 ## - INTERNATIONAL STANDARD BOOK NUMBER
International Standard Book Number 0471128163 (cloth : acidfree paper)
082 00 - DEWEY DECIMAL CLASSIFICATION NUMBER
Classification number 624
Author Mark REV
-- N, P-25
245 00 - TITLE STATEMENT
Title Design and operation of civil and environmental engineering systems /
Statement of responsibility, etc. edited by Charles ReVelle, Arthur E. McGarity.
260 ## - PUBLICATION, DISTRIBUTION, ETC.
Place of publication, distribution, etc. New York :
Name of publisher, distributor, etc. Wiley,
Date of publication, distribution, etc. c1997.
300 ## - PHYSICAL DESCRIPTION
Extent xvi, 752 p. :
Other physical details ill., maps ;
Dimensions 225 cm.
500 ## - GENERAL NOTE
General note "A Wiley-Interscience publication."
526 ## - STUDY PROGRAM INFORMATION NOTE
Program name 0
Interest level 0
Reading level 0
Title point value 624_000000000000000_REV
650 #0 - SUBJECT ADDED ENTRY--TOPICAL TERM
Topical term or geographic name entry element Civil engineering
General subdivision Linear programming.
9 (RLIN) 42256
650 #0 - SUBJECT ADDED ENTRY--TOPICAL TERM
Topical term or geographic name entry element Engineering economy
General subdivision Linear programming.
9 (RLIN) 42257
650 #0 - SUBJECT ADDED ENTRY--TOPICAL TERM
Topical term or geographic name entry element Environmental engineering
General subdivision Linear programming.
9 (RLIN) 42258
650 #0 - SUBJECT ADDED ENTRY--TOPICAL TERM
Topical term or geographic name entry element NUST
9 (RLIN) 6342
650 #0 - SUBJECT ADDED ENTRY--TOPICAL TERM
Topical term or geographic name entry element Operations research.
9 (RLIN) 7262
700 1# - ADDED ENTRY--PERSONAL NAME
Personal name McGarity, Arthur E.
9 (RLIN) 42259
700 1# - ADDED ENTRY--PERSONAL NAME
Personal name ReVelle, Charles.
9 (RLIN) 42260
856 4# - ELECTRONIC LOCATION AND ACCESS
Uniform Resource Identifier <a href="http://www.loc.gov/catdir/toc/onix02/97000052.html">http://www.loc.gov/catdir/toc/onix02/97000052.html</a>
856 42 - ELECTRONIC LOCATION AND ACCESS
Uniform Resource Identifier <a href="http://www.loc.gov/catdir/bios/wiley041/97000052.html">http://www.loc.gov/catdir/bios/wiley041/97000052.html</a>
856 42 - ELECTRONIC LOCATION AND ACCESS
Uniform Resource Identifier <a href="http://www.loc.gov/catdir/description/wiley031/97000052.html">http://www.loc.gov/catdir/description/wiley031/97000052.html</a>
942 ## - ADDED ENTRY ELEMENTS (KOHA)
Source of classification or shelving scheme
Koha item type Book
Holdings
Withdrawn status Lost status Source of classification or shelving scheme Damaged status Not for loan Permanent Location Current Location Date acquired Total Checkouts Full call number Barcode Date last seen Price effective from Koha item type
          Military College of Engineering (MCE) Military College of Engineering (MCE) 06/04/2014   624 REV MCE-44243 06/04/2014 06/04/2014 Book
© 2023 Central Library, National University of Sciences and Technology. All Rights Reserved.